Manuale di diagnosi e terapia delle malattie nervose / (Record no. 163975)

MARC details
000 -LEADER
campo de control de longitud fija 00695nam a2200193 i 4500
001 - NÚMERO DE CONTROL
campo de control 163975
003 - IDENTIFICADOR DE NÚMERO DE CONTROL
campo de control ES-MaACL
005 - FECHA Y HORA DE LA ÚLTIMA TRANSACCIÓN
campo de control 20250811145415.0
008 - DATOS DE LONGITUD FIJA--INFORMACIÓN GENERAL
campo de control de longitud fija 050728s1872 it | |||||||| ||ita d
040 ## - FUENTE DE CATALOGACIÓN
Centro catalogador/agencia de origen CAM
Lengua de catalogación spa
Centro/agencia transcriptor CAM
100 1# - ENTRADA PRINCIPAL--NOMBRE DE PERSONA
Nombre de persona Rosenthal, Maurizio.
9 (RLIN) 132063
245 10 - MENCIÓN DEL TÍTULO
Título Manuale di diagnosi e terapia delle malattie nervose /
Mención de responsabilidad, etc. Maurizio Rosenthal ; prima versione italiana di Francesco Berte.
260 ## - PUBLICACIÓN, DISTRIBUCIÓN, ETC.
Lugar de publicación, distribución, etc. Napoli :
Nombre del editor, distribuidor, etc. Vincenzo Pascuale,
Fecha de publicación, distribución, etc. 1872.
300 ## - DESCRIPCIÓN FÍSICA
Extensión XVI, 472 p. ;
Dimensiones 24 cm.
650 #7 - PUNTO DE ACCESO ADICIONAL DE MATERIA--TÉRMINO DE MATERIA
Término de materia o nombre geográfico como elemento de entrada Enfermedades mentales
Fuente del encabezamiento o término embne
9 (RLIN) 12263
700 1# - ENTRADA AGREGADA--NOMBRE PERSONAL
Nombre de persona Bertè, Francesco,
Fechas asociadas al nombre 1845-1895
9 (RLIN) 156489
852 ## - LOCALIZACIÓN
Ubicación ES-MaACL
Número de control de estantería F-12040
Nota libre -- Enc. pasta española
Holdings
Estatus retirado Estado de pérdida Estado de daño No para préstamo Colección Biblioteca de origen Biblioteca actual Ubicación en estantería Fecha de adquisición Fuente de adquisición Total de préstamos Signatura topográfica completa Código de barras Visto por última vez Precio de reemplazo Tipo de ítem Koha
        Libros del s. XIX Biblioteca del Ateneo de Madrid Biblioteca del Ateneo de Madrid Sala Pecera Planta 2 17/01/2008     F-12040 1171858 23/02/2023 23/02/2023 Libro impreso antiguo